01328cam a2200301 a 450000100100000000500170001000800410002702000310006802000220009904000300012108200180015124500880016926001120025730000210036949000780039050000420046850400420051065000480055265100420060065100650064270000320070770000290073983000850076891000340085304900090088795201130089699900170100900001420920200929163525.0060531s2005 mx b 100 0 spa d a9686384588 (obra completa) a9686384677 (t. 3) aDO-SdBNPbspacDLCdBNPHU a327.17bF935c03aLa frontera como reto /ccoordinador Leopoldo Zea ; compilación Hernán Taboada. aMéxico, D. F. :bInstituto Panamericano de Geografía e Historia :bFondo de Cultura Económica,c2005. a140 p. ;c21 cm.1 aTierra Firme :pLatinoamérica en la Globalización y el Tercer Milenio aLa biblioteca sólo posse el tomo 3. aIncluye referencias bibliográficas. 4aGlobalizaciónzMéxicovCONGRESOS932099 4aMéxicoxLímitesvCONGRESOS932100 4aMéxicoxPolítica Y Gobiernoy1988-2000vCONGRESOS9321011 aZea, Leopoldo,d1912-936751 aTaboada, Hernán.93676 0aTierra Firme :pLatinoamérica en la Globalización y el Tercer Milenio932102 aCatalogación por copia / LC aBNGR 001054708MOaGRbGRcCTd2009-12-07iLF1l0ot.3p14209-10r2020-06-25w2020-06-25y4ZPréstamo en sala c13809d13809